00309 a2200133 4500001000700000020001800007040001100025100002100036240004700057245004200104300000700146362000900153440001300162188254 a85-262-4764-6 cMagnum aLouzeiro, José10aMemórias póstumas de Brás Cubaslpor10aMemórias póstumas de Brás Cubas a870 a2003 1aScipione